[Event "Mittelfranken-chTB2b 1920"]
[Site "Mittelfranken"]
[Date "2020.02.16"]
[Round "6.4"]
[White "Hetterich, Norbert"]
[Black "Arlt, Michael"]
[Result "0-1"]
[WhiteElo "1777"]
[BlackElo "1907"]
[PlyCount "40"]
[EventDate "2019.10.13"]
[EventType "team-tourn"]
[EventRounds "9"]
[EventCountry "GER"]
[SourceTitle "EXT 2023"]
[Source "ChessBase"]
[SourceDate "2022.10.05"]
[SourceVersion "1"]
[SourceVersionDate "2022.10.05"]
[SourceQuality "1"]
[WhiteTeam "Nuernberg Anderssen"]
[BlackTeam "Schwanstetten"]
[WhiteTeamCountry "GER"]
[BlackTeamCountry "GER"]

1. d4 c5 2. d5 Nf6 3. c4 b5 4. b3 g6 5. Bb2 Bg7 6. e4 d6 7. cxb5 a6 8. f4 0-0 9. Nc3 Nxe4 10. Qf3 Qa5 11. Nge2 Nf6 12. Ng3 Bg4 13. Qd3 Nxd5 14. Kd2 Nb4 15. Qe4 d5 16. Qxe7 d4 17. Qxc5 dxc3+ 18. Bxc3 Rd8+ 19. Kc1 Bxc3 20. Bc4 Qa3+ 0-1

[Event "Mittelfranken-chTB2b 1718"]
[Site "Mittelfranken"]
[Date "2017.10.29"]
[Round "2.5"]
[White "Lutzky, Manfred"]
[Black "Hetterich, Norbert"]
[Result "1/2-1/2"]
[WhiteElo "1857"]
[BlackElo "1804"]
[PlyCount "64"]
[EventDate "2017.10.08"]
[EventType "team-tourn"]
[EventRounds "9"]
[EventCountry "GER"]
[SourceTitle "EXT 2022"]
[Source "ChessBase"]
[SourceDate "2021.10.06"]
[SourceVersion "1"]
[SourceVersionDate "2021.10.06"]
[SourceQuality "1"]
[WhiteTeam "Nuernberg Noris Tarrasch IV"]
[BlackTeam "Nuernberg Anderssen"]
[WhiteTeamCountry "GER"]
[BlackTeamCountry "GER"]

1. e4 c5 2. c3 d5 3. exd5 Qxd5 4. d4 Nc6 5. Nf3 cxd4 6. cxd4 e6 7. Be2 Bb4+ 8. Nc3 Nf6 9. 0-0 Qa5 10. Qb3 0-0 11. Bg5 Bxc3 12. bxc3 Ne4 13. Bd2 Nxd2 14. Nxd2 Nxd4 15. cxd4 Qxd2 16. Bd3 b6 17. Rfd1 Qf4 18. Qc2 Bb7 19. Bxh7+ Kh8 20. Rd3 g6 21. Rh3 Kg7 22. d5 Bxd5 23. Qc3+ Qf6 24. Qc1 g5 25. Bd3 Rh8 26. Rg3 Kf8 27. Qa3+ Ke8 28. Rc1 Qe5 29. Qa4+ Kd8 30. Qg4 f6 31. a3 Qb2 32. Rd1 Rh4 1/2-1/2